Sociálna atmosféra v pracovnej skupine a jej vzťah s osobnosťou vedúceho pracovníka
Osobnosť manažéra hrá významnú úlohu pri dosahovaní efektívnych pracovných cieľov. Osobnostné vlastnosti vedúceho pracovníka ovplyvňujú jeho správanie a to následne členov pracovných skupín a ich sociálnu atmosféru na pracovisku. Otázkou je, aké osobné vlastnosti vedúceho pracovníka sú tie, ktoré po...
Uložené v:
| Hlavný autor: | |
|---|---|
| Médium: | Kapitola |
| Jazyk: | Slovak |
| Predmet: | |
| Tagy: |
Žiadne tagy, Buďte prvý, kto otaguje tento záznam!
|
MARC
| LEADER | 00000nla$a2200000$$$4500 | ||
|---|---|---|---|
| 001 | 0146847 | ||
| 005 | 20220803175455.9 | ||
| 041 | 0 | |a slo | |
| 044 | |a SK | ||
| 245 | 1 | 0 | |a Sociálna atmosféra v pracovnej skupine a jej vzťah s osobnosťou vedúceho pracovníka |c Miriama Gerbová |
| 520 | |a Osobnosť manažéra hrá významnú úlohu pri dosahovaní efektívnych pracovných cieľov. Osobnostné vlastnosti vedúceho pracovníka ovplyvňujú jeho správanie a to následne členov pracovných skupín a ich sociálnu atmosféru na pracovisku. Otázkou je, aké osobné vlastnosti vedúceho pracovníka sú tie, ktoré podporujú pozitívnu atmosféru v pracovnej skupine. Analýza vzťahu medzi vybranými osobnostnými dimenziami vedúcich pracovníkov vo vybraných pracovných oblastiach a pozitívnou sociálnou atmosférou v pracovných skupinách. | ||
| 610 | 2 | 0 | |a skupiny pracovné |
| 610 | 2 | 0 | |a skupiny sociálne |
| 610 | 2 | 0 | |a manažéri |
| 610 | 2 | 0 | |a vzťahy pracovné |
| 610 | 2 | 0 | |a vzťahy spoločenské |
| 100 | 1 | |a Gerbová, Miriama | |